JR東日本 各駅の乗車人員ベスト100(2022) - Statistics

General Stats
  • This quiz has been taken 375 times
  • The average score is 83 of 100
Answer Stats
順位 都道府県 Answer 利用客数 % Correct
2 東京都 池袋 458,791
100%
4 神奈川県 横浜 340,536
100%
1 東京都 新宿 602,558
99%
3 東京都 東京 346,658
99%
5 東京都 渋谷 292,631
99%
6 東京都 品川 248,650
99%
7 埼玉県 大宮 226,249
99%
13 東京都 上野 147,777
99%
11 神奈川県 川崎 175,876
97%
15 千葉県 西船橋 119,941
97%
9 東京都 秋葉原 190,506
96%
12 東京都 高田馬場 167,265
96%
17 千葉県 船橋 119,230
96%
8 東京都 新橋 193,244
95%
30 千葉県 千葉 94,864
95%
41 東京都 目黒 83,770
95%
19 東京都 大崎 118,489
94%
33 東京都 日暮里 92,784
94%
42 東京都 神田 81,046
94%
51 東京都 八王子 72,101
94%
20 東京都 有楽町 116,738
93%
25 千葉県 108,820
93%
40 埼玉県 浦和 84,116
93%
22 東京都 浜松町 112,867
92%
10 東京都 北千住 183,824
91%
14 東京都 立川 144,457
91%
23 東京都 恵比寿 112,602
91%
26 東京都 五反田 102,487
91%
80 神奈川県 代々木 51,096
91%
16 東京都 中野 119,846
90%
24 東京都 田町 109,296
90%
35 東京都 赤羽 86,518
90%
37 千葉県 松戸 84,595
90%
38 東京都 西日暮里 84,256
90%
65 東京都 原宿 57,724
90%
60 東京都 巣鴨 63,422
89%
21 東京都 蒲田 113,646
88%
39 神奈川県 大船 84,249
88%
52 埼玉県 川口 71,354
88%
67 東京都 御徒町 55,871
88%
27 神奈川県 武蔵小杉 99,969
87%
43 東京都 御茶ノ水 80,139
87%
44 東京都 四ツ谷 79,504
87%
45 東京都 三鷹 79,415
87%
46 宮城県 仙台 79,075
87%
99 東京都 駒込 40,906
87%
31 東京都 国分寺 94,734
86%
34 東京都 錦糸町 87,590
86%
78 神奈川県 新横浜 51,442
86%
79 埼玉県 南浦和 51,308
86%
28 神奈川県 藤沢 95,857
85%
32 神奈川県 戸塚 93,018
85%
61 東京都 水道橋 62,888
85%
62 東京都 飯田橋 62,060
85%
86 東京都 大塚 48,509
85%
95 東京都 新大久保 43,552
85%
18 東京都 吉祥寺 118,865
84%
47 東京都 大井町 77,463
84%
58 千葉県 舞浜 63,906
83%
73 千葉県 市川 52,412
83%
75 千葉県 海浜幕張 52,058
83%
83 埼玉県 さいたま新都心 49,332
83%
48 東京都 荻窪 76,230
82%
88 埼玉県 武蔵浦和 46,593
82%
56 神奈川県 鶴見 66,024
81%
57 神奈川県 桜木町 64,698
81%
74 神奈川県 平塚 52,275
81%
36 千葉県 津田沼 85,072
80%
29 東京都 町田 95,015
79%
63 東京都 新木場 60,442
79%
96 東京都 高円寺 43,296
79%
50 東京都 大森 72,568
78%
89 東京都 市ケ谷 46,313
78%
91 東京都 国立 45,198
78%
71 東京都 武蔵小金井 53,342
77%
66 神奈川県 橋本 56,999
76%
85 神奈川県 茅ケ崎 48,532
76%
55 東京都 新小岩 66,535
74%
64 東京都 武蔵境 58,246
73%
77 埼玉県 51,467
72%
69 東京都 王子 54,084
71%
81 埼玉県 西川口 50,446
71%
92 埼玉県 北浦和 45,085
70%
100 東京都 西荻窪 39,636
70%
94 神奈川県 関内 44,784
69%
53 神奈川県 登戸 70,798
68%
68 東京都 小岩 55,563
68%
76 千葉県 本八幡 51,805
67%
87 千葉県 新浦安 47,382
67%
93 東京都 浅草橋 44,804
67%
49 神奈川県 武蔵溝ノ口 72,830
66%
54 埼玉県 南越谷 67,815
66%
82 東京都 亀戸 49,618
65%
84 神奈川県 東戸塚 48,916
65%
97 神奈川県 菊名 43,226
65%
98 千葉県 稲毛 43,078
63%
70 神奈川県 長津田 53,506
62%
72 神奈川県 辻堂 52,573
62%
59 埼玉県 北朝霞 63,526
59%
90 東京都 金町 45,640
58%
No matching quizzes found
Score Distribution
Percent of People with Each Score
Percentile by Number Answered
Your Score History
You have not taken this quiz